Thyssenkrupp Presta Hungary Kft. logisztikai folyamatainak elemzése

Bibliographic Details
Main Author: Boros Benedek Bence
Other Authors: Gubán Dr. Ákos
Format: Thesis
Kulcsszavak:logisztika
folyamatok
elemzés
Online Access:http://dolgozattar.uni-bge.hu/13886

MARC

LEADER 00000nta a2200000 i 4500
001 dolg13886
005 20171212095324.0
008 171212suuuu hu om 000 hun d
040 |a BGE Dolgozattár Repozitórium  |b hun 
041 |a hu 
100 1 |a Boros Benedek Bence 
245 1 0 |a Thyssenkrupp Presta Hungary Kft. logisztikai folyamatainak elemzése  |c Boros Benedek Bence  |h [elektronikus dokumentum] 
246 1 1 |a Thyssenkrupp Presta Hungary Kft. logisztikai folyamatainak elemzése 
246 1 1 |a Analysis of logistics processes of Thyssenkrupp Presta Hungary Kft 
695 |a logisztika 
695 |a folyamatok 
695 |a elemzés 
700 1 |a Gubán Dr. Ákos  |e ths 
856 4 0 |u http://dolgozattar.uni-bge.hu/13886/1/Szakdolgozat_VBZN5A.pdf  |z Dokumentum-elérés